000 00677nam a2200217Ia 4500
001 14936
003 GE_BSU
008 181216s||||||||xx |||||||||||||| ||und||
040 _cGE_BSU
080 _a517.51
100 _aБрундо,А.Л.
245 _aТеория функции действительного переменного.
245 _bИзбранные главы
245 _cРед.И.М.Овчинникова. Г.Я.Пирогова
260 _aМосква
260 _bНаука
260 _c1971
300 _a118стр.22см.
653 _aТеория функции действительного переменного.
942 _cBK
999 _c48056
_d48056